Koncepčný návrh uchopovacieho mechanizmu automatického skladovacieho zariadenia
Saved in:
| Main Author: | |
|---|---|
| Other Authors: | |
| Format: | Manuscript Book |
| Language: | Slovak |
| Published: |
2025
|
| Subjects: | |
| Online Access: | http://is.stuba.sk/zp/portal_zp.pl?podrobnosti=185933 |
| Tags: |
No Tags, Be the first to tag this record!
|
MARC
| LEADER | 00000ntm a22000003a 4500 | ||
|---|---|---|---|
| 001 | stuzp103890 | ||
| 003 | SK-STU | ||
| 005 | 20250628210949.4 | ||
| 007 | ta | ||
| 008 | 150427s2015----xo-----f-mn---000-0-slo-d | ||
| 040 | |a STU |b slo | ||
| 041 | 0 | |a slo | |
| 100 | 1 | |a Drahuta, Martin |u 066000 |4 aut |U MTF Materiálovotechnologická fakulta |T MTF Ústav aplikovanej informatiky, automatizácie a mechatroniky |X 116449 |U M6000 |Y 86 |7 116449 | |
| 242 | 0 | 1 | |a Conceptual design of the gripping mechanism of an automatic storage device |y eng |
| 245 | 1 | 0 | |a Koncepčný návrh uchopovacieho mechanizmu automatického skladovacieho zariadenia |
| 260 | |c 2025 | ||
| 650 | 4 | |a uchopovací mechanizmus |2 slo | |
| 650 | 4 | |a rameno uchopovača |2 slo | |
| 650 | 4 | |a euro prepravka |2 slo | |
| 650 | 4 | |a pevnostná analýza |2 slo | |
| 650 | 4 | |a senzorický subsystém |2 slo | |
| 650 | 4 | |a automatizované skladovanie |2 slo | |
| 650 | 4 | |a gripper mechanism |2 eng | |
| 650 | 4 | |a gripper arm |2 eng | |
| 650 | 4 | |a euro crate |2 eng | |
| 650 | 4 | |a automated storage |2 eng | |
| 650 | 4 | |a strength analysis |2 eng | |
| 650 | 4 | |a sensor subsystem |2 eng | |
| 700 | 1 | |a Naď, Milan |u 066000 |k Z1 |4 ths |U MTF Materiálovotechnologická fakulta |T MTF Ústav aplikovanej informatiky, automatizácie a mechatroniky |X 202 |U M6000 |Y 86 |7 A000000202 | |
| 856 | 4 | |u http://is.stuba.sk/zp/portal_zp.pl?podrobnosti=185933 | |
| 996 | |c M* BP-9901 |l MMSKP |s P |a 0 |w stuzp103890_0001 | ||